Globalisation and its critics
Špecifické črty rôznych typov kritiky globalizácie. Prieskum ako sa verejné obavy spojené s globalizáciou premietnu do politických javov.
Enregistré dans:
| Auteur principal: | |
|---|---|
| Format: | Chapitre de livre |
| Langue: | anglais |
| Sujets: | |
| Tags: |
Pas de tags, Soyez le premier à ajouter un tag!
|
MARC
| LEADER | 00000nla a2200000 4500 | ||
|---|---|---|---|
| 001 | 0239342 | ||
| 005 | 20240502073857.9 | ||
| 041 | 0 | |a eng | |
| 044 | |a SK | ||
| 245 | 1 | 0 | |a Globalisation and its critics |c Marianna Dudášová |
| 520 | |a Špecifické črty rôznych typov kritiky globalizácie. Prieskum ako sa verejné obavy spojené s globalizáciou premietnu do politických javov. | ||
| 610 | 2 | 0 | |a globalizácia |
| 610 | 2 | 0 | |a kritika |
| 610 | 2 | 0 | |a kapitalizmus |
| 610 | 2 | 0 | |a mienka verejná |
| 610 | 2 | 0 | |a politika |
| 100 | 1 | |a Dudášová, Marianna | |